Neúčasť poslanca na činnosti komisie a možné dôsledky

Pravidlá vzniku a činnosti komisií obecného zastupiteľstva upravuje zákon č.369/1990 Zb. o obecnom zriadení. Ak sa poslanec nezúčastňuje zasadnutia komisie ktorej je členom, porušuje zákon o obecnom zriadení najmä §25 Povinnosti a oprávnenia poslancov. Svojim konaním oslabuje prácu komisie, preto je...

Descripción completa

Guardado en:
Detalles Bibliográficos
Autor principal: Briestenský, Ladislav
Formato: Capítulo de libro
Lenguaje:eslovaco
Materias:
Etiquetas: Agregar Etiqueta
Sin Etiquetas, Sea el primero en etiquetar este registro!

MARC

LEADER 00000naa a2200000 4500
001 0278631
005 20210921170305.1
041 0 |a slo 
044 |a SK 
245 1 0 |a Neúčasť poslanca na činnosti komisie a možné dôsledky  |c Ladislav Briestenský 
520 |a Pravidlá vzniku a činnosti komisií obecného zastupiteľstva upravuje zákon č.369/1990 Zb. o obecnom zriadení. Ak sa poslanec nezúčastňuje zasadnutia komisie ktorej je členom, porušuje zákon o obecnom zriadení najmä §25 Povinnosti a oprávnenia poslancov. Svojim konaním oslabuje prácu komisie, preto je vhodné nahradiť ho iným poslancom. 
610 2 0 |a zastupiteľstvá obecné 
610 2 0 |a poslanci 
610 2 0 |a povinnosť oznamovacia 
610 2 0 |a zákony 
610 2 0 |a postih 
100 1 |a Briestenský, Ladislav